|
|
|
|
| LEADER |
00000nab a2200000 a 4500 |
| 001 |
vtls000134725 |
| 003 |
SK-MaSNL |
| 005 |
20260304233535.0 |
| 008 |
250423c1982 xo 0 slo |
| 015 |
|
|
|a SNBRB19rr/mm-uuuuu
|
| 035 |
|
|
|a CL0144831
|
| 035 |
|
|
|a urn:nbn:sk:snk-ab2vgg
|
| 035 |
|
|
|a (urnnbn)urn:nbn:sk:snk:ar-a0300f
|
| 035 |
|
|
|a (uuid)a6ce29c7-81b3-4670-9631-5e2daa0b4707
|
| 040 |
|
|
|a SNKBUCL
|b slo
|c SNKBUCL
|e AACR2
|
| 041 |
0 |
|
|a slo
|
| 044 |
|
|
|a xo
|c SK
|
| 080 |
|
|
|a 338.48
|2 1981
|
| 100 |
1 |
|
|a Jančuška, Ľudovít
|4 aut
|9 1351186
|
| 245 |
1 |
0 |
|a Ako hodnotili účastníci cestovného ruchu služby a rekreačné aktivity v Tatrách a na Donovaloch?
|c Ľudovít Jančuška
|
| 650 |
0 |
7 |
|a ruch cestovný
|2 snkbucl
|9 467000
|
| 651 |
|
7 |
|a Donovaly (Slovensko)
|2 snkbucl
|9 14559
|
| 651 |
|
7 |
|a Vysoké Tatry (Poľsko a Slovensko : pohorie)
|2 snkbucl
|9 67729
|
| 655 |
|
7 |
|a články z novín a časopisov
|2 snkbucl
|9 267496
|
| 773 |
0 |
|
|t Krásy Slovenska
|g Roč. 59, č. 12 (1982), s. 18-21
|
| 850 |
|
|
|a Slovenská národná knižnica
|
| 852 |
|
|
|a Slovenská národná knižnica
|
| 954 |
|
|
|a odborná, vedecká literatúra pôvodná (slovenská)
|2 lita
|
| 958 |
|
|
|a article27
|
| 958 |
|
|
|a OND
|
| 958 |
|
|
|a RK
|
| 958 |
|
|
|a EUIPO
|
| 992 |
|
|
|a RBX
|
| 999 |
|
|
|c 3199085
|d 3201015
|